000 00353nam a2200133Ia 4500
008 151001s9999||||xx |||||||||||||| ||und||
100 _aप्र द मराठे
245 _aरथ चालला पुढे
250 _a1
260 _bसरिता प्रकाशन पुणे
260 _c1978
300 _a142
365 _b18
999 _c960857
_d960854